000 00723nam a22002417a 4500
999 _c33274
_d33274
001 2395
003 CO-MdFUSB
005 20170929112257.0
008 170929t1969 enk||||| |||| 00| 0 eng d
020 _a0-85111-822-4
040 _aCO-MdFUSB
_bspa
_cCO-MdFUSB
_dCO-MdFUSBC
_erda
041 0 _aeng
082 0 4 _aG 224.4 T2381e
100 1 _aTaylor, John B. (Bernard)
_eautor
245 1 0 _aEzekiel
_b : An introduction and commentary
_c / John B. Taylor
264 4 _aLeicester, England :
_bInterVarsity,
_c©1969
300 _a285 Pag
336 _2rdacontent
_atexto
_btxt
337 _2rdamedia
_asin mediación
_bn
338 _2rdacarrier
_avolumen
_bnc
653 _aBiblia A.T. - Ezequiel - Comentarios
942 _cBK